000 00542 a2200217 4500
001 107790
020 _a9781407124131
041 _apor
090 _aYear 5 [Fic]
100 _aCox, Michael.
250 _a. ed.
300 _a207 p.
490 _aHorrible famous
697 _aPresley, Elvis - Biography, 1935-1977.
830 _aHorrible famous
856 _u000014/000014eb.jpg
040 _aBR-BrIDEA
_cBR-BrIDEA
245 1 0 _aElvis and his blue sued shoes
_c Michael Cox
260 _a[S.l.]
_bScholastic
_c2001
942 _cBK
999 _c107790
_d107790